[Event "Northern California International"]
[Site "Fremont USA"]
[Date "2012.01.05"]
[Round "5"]
[White "Ni,V"]
[Black "Liou,Y"]
[Result "1/2-1/2"]
[WhiteElo "2225"]
[BlackElo "2283"]

1.d4 d5 2.c4 c6 3.Nf3 Nf6 4.Nc3 a6 5.e3 b5 6.b3 Bg4 7.Be2 Nbd7 8.O-O e6 9.h3 Bh5
10.Bb2 Bd6 11.Ne5 Bxe2 12.Nxe2 Qc7 13.cxd5 cxd5 14.Rc1 Qb8 15.Nxd7 Kxd7 16.f3 Rc8
17.Rxc8 Qxc8 18.e4 Be7 19.Qd3 g6 20.Nf4 Qb7 21.Re1 Ke8 22.Qe3 Rc8 23.Re2 b4
24.Nd3 Qb5 25.Ne5 Nd7 26.exd5 Qxd5 27.Nc4 Rc6 28.Qf4 Bg5 29.Qg3 Bf6 30.Qf4 Bg5
31.Qg3 Bf6 32.Qf4 Bg5  1/2-1/2

[Event "Northern California International"]
[Site "Fremont USA"]
[Date "2012.01.05"]
[Round "6"]
[White "Collins,S IRL"]
[Black "Sevillano,E"]
[Result "1/2-1/2"]
[WhiteElo "2426"]
[BlackElo "2490"]

1.Nf3 Nf6 2.c4 c6 3.d4 d5 4.Nc3 a6 5.e3 e6 6.b3 Bb4 7.Bd2 O-O 8.Bd3 Nbd7
9.O-O Bd6 10.e4 dxc4 11.bxc4 e5 12.c5 Bc7 13.Na4 exd4 14.h3 Re8 15.Re1 Nf8
16.Rb1 Ne6 17.Qc2 Nd7 18.e5 Nef8 19.Bg5 f6 20.Qc4+ Ne6 21.Bh4 Kh8 22.Bf5 Ng5
23.Bxg5 fxg5 24.Bxd7 Bxd7 25.e6 Bc8 26.Nxd4 Qf6 27.Nc3 Be5 28.Ne4 Qe7 29.Nf3 Bxe6
30.Qb4 a5 31.Qa3 Bf6 32.Nd6 Red8 33.Rb3 Qd7 34.Rbe3 Bd5 35.Ne5 Qc7 36.Ng4 Qb8
37.Re8+ Rxe8 38.Rxe8+ Qxe8 39.Nxe8 Rxe8 40.Nxf6 gxf6 41.Qb2 Re5 42.Qxb7 Re1+
43.Kh2 Re2 44.Kg3 Rxa2 45.Qe7 h6 46.Qxf6+ Kh7 47.h4 gxh4+ 48.Kxh4 Re2 49.Qf5+ Kh8
50.g4 a4 51.Qd3 Re4 52.Kh5 Kg7 53.Qc3+ Kh7 54.Qf6 a3 55.f4 Re1 56.Qg6+ Kh8
57.Qxh6+ Kg8 58.Qg6+ Kf8 59.Qd6+ Kg7 60.Qg6+ Kf8 61.Qd6+ Kg7 62.f5 a2 63.f6+ Kf7
64.Qd7+ Kxf6 65.g5+ Ke5 66.Qe7+ Be6 67.Qd6+ Kf5 68.Qd3+ Kf4 69.Qd2+ Re3 70.Qd4+ Kf3
71.g6 Re1 72.Qf6+ Kg2 73.Qg5+ Kf3 74.Qf6+ Kg2 75.Qg5+ Kf1 76.Qf4+ Ke2 77.Qe4+ Kd2
78.Qb4+ Ke2 79.Qe4+ Kd2 80.Qb4+ Ke2 81.Qe4+  1/2-1/2

[Event "TCh-NED Meesterklasse 2011-12"]
[Site "Netherlands NED"]
[Date "2012.01.07"]
[Round "5.4"]
[White "Wiersma,E"]
[Black "Michielsen,J"]
[Result "0-1"]
[WhiteElo "2391"]
[BlackElo "2317"]

1.d4 d5 2.c4 c6 3.Nf3 Nf6 4.Nc3 a6 5.e3 b5 6.b3 Bg4 7.h3 Bxf3 8.Qxf3 e5 9.dxe5 Bb4
10.Bd2 Bxc3 11.Bxc3 Ne4 12.Bb4 bxc4 13.Qg4 c5 14.f3 Nc6 15.fxe4 Nxb4 16.Qxg7 Rf8
17.exd5 Qh4+ 18.Ke2 Nxd5 19.Kf3 f5 20.Bxc4 Qe4+ 21.Kg3 Ra7 22.Qg5 Qxe5+ 23.Kf2 Qb2+
24.Kf3 Rg7 25.Qh5+ Rg6 26.Rhg1 f4 27.e4 Nf6 28.Qxc5 Rg3+ 29.Kxf4 Nh5+  0-1

[Event "Andranik Margaryan Memorial 2012"]
[Site "Yerevan ARM"]
[Date "2012.01.09"]
[Round "2"]
[White "Bagaturov,G"]
[Black "Vardanyan,H"]
[Result "1/2-1/2"]
[WhiteElo "2449"]
[BlackElo "1948"]

1.d4 d5 2.c4 c6 3.Nf3 Nf6 4.Nc3 a6 5.c5 Nbd7 6.Bf4 Nh5 7.Bd2 Nhf6 8.Qc2 g6
9.g3 Bg7 10.Bg2 O-O 11.O-O Re8 12.Rad1 Nh5 13.b4 f5 14.Qb3 h6 15.e4 fxe4
16.Nxe4  1/2-1/2

[Event "37th Seville Open"]
[Site "Seville ESP"]
[Date "2012.01.11"]
[Round "5"]
[White "Pogorelov,R"]
[Black "Haslinger,S"]
[Result "1/2-1/2"]
[WhiteElo "2415"]
[BlackElo "2534"]

1.Nf3 d5 2.d4 Nf6 3.c4 c6 4.Nc3 a6 5.e3 g6 6.Bd3 Bg7 7.O-O O-O 8.cxd5 cxd5
9.Qb3 Nc6 10.Bd2 Qd6 11.Rfc1 e5 12.dxe5 Nxe5 13.Ne2 Nxf3+ 14.gxf3 Re8 15.Qb4 Qxb4
16.Bxb4 Nd7 17.Nd4 Ne5 18.Be2 Bd7 19.Rc7 Nc6 20.Rxd7 Nxb4 21.Rxb7 Bxd4 22.Rxb4 Bg7
23.Rd1 d4 24.e4 a5 25.Rb7 Rab8 26.Rxb8 Rxb8 27.b3 Rc8 28.Bc4 g5 29.h4 h6
30.hxg5 hxg5 31.Kf1 Be5 32.Ke2 Kg7 33.Rh1 Kg6 34.Kd3 Rh8 35.Rxh8 Bxh8 36.a4 Be5
37.b4 axb4 38.a5 Bc7 39.a6 Bb6 40.Bb3 Kf6 41.Kc4 d3 42.Kxd3 Ke7 43.Kc4 Bxf2
44.e5 Ke6 45.Kxb4+ Kxe5 46.Bxf7 Kd6 47.Kc4 Kc7 48.Kd3 Kb6 49.Bc4 Bg3 50.Ke4  1/2-1/2

[Event "5th Gora Swietej Anny"]
[Site "Gora Swietej Anny POL"]
[Date "2012.01.14"]
[Round "4.10"]
[White "Wielosz,J"]
[Black "Nowak,Kamil"]
[Result "1-0"]
[WhiteElo "1877"]
[BlackElo "1640"]

1.d4 d5 2.c4 c6 3.Nf3 Nf6 4.Nc3 a6 5.Qb3 e6 6.Bg5 b5 7.cxd5 cxd5 8.e3 Nbd7
9.Be2 Be7 10.O-O O-O 11.Rac1 Bb7 12.Qc2 Rc8 13.Qb1 h6 14.Bh4 Nb6 15.Bd3 Nc4
16.b3 Nd6 17.Ne5 Nfe4 18.Bxe7 Qxe7 19.Bxe4 Nxe4 20.Nxe4 dxe4 21.Rxc8 Rxc8
22.Rc1 Qe8 23.h3 h5 24.Rxc8 Qxc8 25.Qd1 g6 26.g4 hxg4 27.Qxg4 Qd8 28.h4 Qf6
29.Nd7 Qf5 30.Qg3 Kg7 31.Nc5 Bc8 32.b4 Kh6 33.Kf1 Qf3 34.Qg5+ Kh7 35.Kg1 Qd1+
36.Kh2 Qf3 37.Qg2 Qxg2+ 38.Kxg2 f5 39.Kg3 Kg7 40.Kf4 Kf6 41.a3 Kf7 42.Kg5 Kg7
43.Nb3 Bb7 44.Nc1 Bc6 45.Ne2 Be8 46.Nf4 Bf7 47.Nh3 Be8 48.Kf4 Kf6 49.Ng5 Bc6
50.Nh3 Bd5 51.Ng1 Bc6 52.Ne2 Bd7 53.Nc1 Bc6 54.Nb3 Bb7 55.Nc5 Bc8 56.f3 exf3
57.Kxf3 Ke7 58.Kf4 Kf6 59.e4 fxe4 60.Kxe4 Kf7 61.Ke5 Ke7 62.Nd3 Bb7 63.Nf4 Bf3
64.Nxe6 Bg4 65.Nc5 Bc8 66.d5 Ke8 67.Kf6 Bf5 68.Nxa6 Kd7 69.Ke5 Ke7 70.Nc5 Bc2
71.d6+ Kd8 72.Kd5 Bd1 73.Kc6 Be2 74.Ne6+ Ke8 75.d7+ Ke7 76.d8=Q+  1-0

[Event "56th ch-BLR w 2012"]
[Site "Minsk BLR"]
[Date "2012.01.15"]
[Round "6.5"]
[White "Kovaleva,E"]
[Black "Beinenson,Katsiaryna"]
[Result "1-0"]
[WhiteElo "2056"]
[BlackElo "1914"]

1.d4 d5 2.c4 c6 3.Nf3 Nf6 4.Nc3 a6 5.c5 g6 6.Bf4 Bg7 7.h3 O-O 8.e3 Nfd7 9.Be2 f6
10.O-O e5 11.Bg3 e4 12.Nd2 f5 13.Na4 Bf6 14.Bd6 Be7 15.Bh2 a5 16.Nb3 Na6
17.Qd2 b5 18.cxb6 Nxb6 19.Nxb6 Bb4 20.Qc2 Qxb6 21.Rfc1 Bb7 22.Nc5 Bxc5 23.dxc5 Qd8
24.Bd6 Rf7 25.Qd2 Nc7 26.a3 Nb5 27.Bxb5 cxb5 28.b4 a4 29.h4 Bc6 30.g3 Qf6
31.Kg2 h5 32.Rd1 Re8 33.Bf4 Rd7 34.Qa2 Qg7 35.Rd4 Qf6 36.Rad1 Qe6 37.Qb2 Qf6
38.Bd6 Rc8 39.Qa2 Qe6 40.Bf4 Re8 41.Bg5 Qe5 42.R4d2 Kf7 43.Bf4 Qe6 44.Bd6 Kg8
45.Rd4 Rc8 46.R1d2 Re8 47.Qa1 Rc8 48.Qd1 Kf7 49.f3 exf3+ 50.Qxf3 Re8 51.R2d3 Kg7
52.Qf4 Kh7 53.Qg5 Kg7 54.Bf4 Rh8 55.Rd1 Qf6 56.e4 Qxg5 57.hxg5 fxe4 58.Be5+ Kh7
59.Bxh8 Kxh8 60.Rf1 Kg7 61.Rf6 Rc7 62.Rd1 Bb7 63.Kf2 Bc6 64.Ke3 Bb7 65.Rdf1 Bc6
66.Rd6  1-0

[Event "10th Parsvnath Open"]
[Site "New Delhi IND"]
[Date "2012.01.15"]
[Round "2"]
[White "Dahale,A"]
[Black "Neelotpal,D"]
[Result "0-1"]
[WhiteElo "2110"]
[BlackElo "2471"]

1.d4 Nf6 2.c4 c6 3.Nf3 d5 4.Nc3 a6 5.cxd5 cxd5 6.Bf4 Nc6 7.e3 Bg4 8.Bd3 e6
9.a3 Be7 10.O-O O-O 11.h3 Bh5 12.Rc1 Rc8 13.Be2 Bxf3 14.Bxf3 Na5 15.Qe2 b5
16.Rfd1 Rc4 17.Qe1 Nb3 18.Rc2 Qb6 19.Re2 Rfc8 20.Nb1 Nc1 21.Red2 b4 22.e4 dxe4
23.Bxe4 Nb3 24.Rd3 Nxd4 25.Nd2 Rc1 26.Kh2 Rxd1 27.Qxd1 bxa3 28.bxa3 Nb5 29.Qf3 Bd6
30.a4 Nd4 31.Qe3 e5 32.Bg3 Nh5 33.Qg5 g6 34.Nf3 Nxg3 35.fxg3 Ne6 36.Qf6 Qd8
37.Qxd8+ Rxd8 38.Bc6 Kf8 39.Rd5 Nc7 40.Rd3 e4 41.Bxe4 f5 42.Rxd6 Rxd6 43.Bc2 Ne6
44.Ne5 Nd4 45.Bb1 Nc6 46.Nf3 Nb4  0-1

[Event "11th Prague Open A"]
[Site "Prague CZE"]
[Date "2012.01.15"]
[Round "3"]
[White "Volodin,V"]
[Black "Jirka,J"]
[Result "1-0"]
[WhiteElo "2209"]
[BlackElo "2415"]

1.Nf3 d5 2.d4 Nf6 3.c4 c6 4.Nc3 a6 5.a4 e6 6.g3 dxc4 7.Bg2 c5 8.O-O cxd4
9.Nxd4 Bc5 10.Be3 Nbd7 11.Nc2 Qc7 12.a5 O-O 13.Ra4 Bxe3 14.Nxe3 Ne5 15.Qd4 Bd7
16.f4 Nc6 17.Qc5 Rac8 18.Nxc4 Nd4 19.Qxd4 Bxa4 20.Nb6 Bc6 21.Nxc8 Bxg2 22.Kxg2 Rxc8
23.Rd1 Qxa5 24.e4 h5 25.h3 Kh8 26.Rd2 Qc7 27.e5 Qc6+ 28.Kf2 Nd5 29.Nxd5 exd5
30.Qxd5 Qxd5 31.Rxd5 Rc2+ 32.Kf3 Rxb2 33.f5 Rb1 34.Kf2 Rb6 35.Kf3 Kh7 36.Rd7 Kg8
37.Rd8+ Kh7 38.Rd7 f6 39.e6 Rb5 40.g4 hxg4+ 41.hxg4 b6 42.Rd6 Re5 43.Rxb6 a5
44.Rb2 g6 45.Kf4 Re1 46.Rb7+ Kh6 47.Ra7 Rf1+ 48.Ke4 Re1+ 49.Kd5 gxf5 50.gxf5 Kg5
51.Kd6 Kxf5 52.e7 Kg6 53.Ra8 Rd1+ 54.Kc5 Rc1+ 55.Kd4 Rd1+ 56.Kc3 Re1 57.e8=Q+ Rxe8
58.Rxe8 Kg5 59.Kd3  1-0

[Event "5th Gora Swietej Anny"]
[Site "Gora Swietej Anny POL"]
[Date "2012.01.16"]
[Round "6.9"]
[White "Wielosz,J"]
[Black "Dmochowska,A"]
[Result "1-0"]
[WhiteElo "1877"]
[BlackElo "1683"]

1.d4 d5 2.c4 c6 3.Nf3 Nf6 4.Nc3 a6 5.Qb3 e6 6.Bg5 dxc4 7.Qxc4 b5 8.Qd3 Be7
9.e4 Nbd7 10.e5 Nd5 11.Bxe7 Nxe7 12.Ne4 O-O 13.Be2 Qa5+ 14.Nfd2 Nf5 15.O-O Rd8
16.Nb3 Qc7 17.Qh3 a5 18.g4 Ne7 19.Nd6 Ng6 20.f4 Qb6 21.Rac1 f6 22.Nc5 fxe5
23.fxe5 Ngxe5 24.Nxe6 Nf6 25.Nxc8 Rdxc8 26.g5 Nfd7 27.Kh1 Ng6 28.Nxg7 Ndf8
29.Nf5 Qb8 30.Nh6+ Kh8 31.Qf5 Qa7 32.Bxb5 cxb5 33.Rxc8 Qb7+ 34.Kg1 Rxc8 35.Nf7+ Kg8
36.Nd6 Qg7 37.Qd5+ Kh8 38.Nxc8  1-0

[Event "Gibraltar Open"]
[Site "Caleta ENG"]
[Date "2012.01.24"]
[Round "1.127"]
[White "Pettersson,Anders1"]
[Black "Fenollar Jorda,M"]
[Result "0-1"]
[WhiteElo "2219"]
[BlackElo "2360"]

1.d4 d5 2.c4 c6 3.Nf3 Nf6 4.Nc3 a6 5.Ne5 e6 6.e3 Nbd7 7.Nxd7 Bxd7 8.cxd5 exd5
9.Bd3 Bd6 10.h3 O-O 11.Bd2 Qe7 12.Rc1 Rad8 13.Qf3 Rfe8 14.Bf5 Ne4 15.Nxe4 dxe4
16.Qg4 Bxf5 17.Qxf5 Bb4 18.Bc3 Rd5 19.Qg4 Rg5 20.Qh4 Rxg2 21.Qxe7 Bxe7 22.Kf1 Rg5
23.Rg1 Rxg1+ 24.Kxg1 Rd8 25.Ba5 Rd5 26.Bc7 f5 27.a4 Kf7 28.Rc3 Bd6 29.Bxd6 Rxd6
30.Rb3 Rd7 31.f3 Ke6 32.Kf2 Kf6 33.f4 g5 34.fxg5+ Kxg5 35.Kg3 f4+ 36.exf4+ Kf5
37.Kf2 Kxf4 38.Rg3 h5 39.Rb3 h4 40.a5 Rg7 41.Ke2 Re7 42.Re3 Rd7 43.Rb3 Rg7
44.Kf2 e3+ 45.Rxe3 Rg2+ 46.Kf1 Rxb2 47.Re7 Kg3 48.Re3+ Kh2 49.Re2+ Rxe2  0-1

[Event "Gibraltar Open"]
[Site "Caleta ENG"]
[Date "2012.01.26"]
[Round "3.103"]
[White "Alvarez Marquez,J"]
[Black "Groffen,H"]
[Result "1-0"]
[WhiteElo "2398"]
[BlackElo "2204"]

1.d4 d5 2.c4 c6 3.Nf3 Nf6 4.Nc3 a6 5.Bg5 Ne4 6.h4 Nxc3 7.bxc3 dxc4 8.g3 b5
9.Bg2 Bb7 10.O-O Nd7 11.e4 h6 12.Bf4 e6 13.Ne5 Nxe5 14.Bxe5 Qd7 15.a4 f6
16.Bf4 g5 17.Be3 gxh4 18.Qh5+ Qf7 19.Qxh4 Bd6 20.Rfb1 f5 21.d5 cxd5 22.exd5 e5
23.axb5 f4 24.bxa6 fxe3 25.Rxb7 exf2+ 26.Kh2 Be7 27.Qg4 Rd8 28.d6 Rxd6 29.Qc8+ Rd8
30.Bc6+  1-0

[Event "15th Metropolitan IM"]
[Site "Los Angeles USA"]
[Date "2012.01.27"]
[Round "5"]
[White "Kudryavtsev,V"]
[Black "Sevillano,E"]
[Result "0-1"]
[WhiteElo "2151"]
[BlackElo "2490"]

1.d4 Nf6 2.c4 c6 3.Nc3 d5 4.Nf3 a6 5.c5 Bf5 6.Qb3 Qc8 7.Nh4 Bg6 8.Nxg6 hxg6
9.Bf4 Nbd7 10.e4 dxe4 11.Bc4 e6 12.O-O-O Nd5 13.Bg3 N7f6 14.Rhe1 Be7 15.Nxe4 Nxe4
16.Rxe4 Qd7 17.Bxd5 cxd5 18.Re2 Rc8 19.Kb1 Rc6 20.Rc2 O-O 21.Qa4 Rfc8 22.b4 Bd8
23.Rb2 b6 24.Qb3 Bf6 25.Rc2 Qe8 26.Rb2 Qd8 27.f3 Ra8 28.a3 Rcc8 29.Rc2 bxc5
30.dxc5 Qd7 31.Ka2 Ra7 32.Qd3 Qc6 33.Rb1 Rb7 34.Rb3 Re8 35.Bd6 Rd7 36.Bg3 e5
37.b5 axb5 38.Qxb5 Qe6 39.c6 Rc7 40.Rbc3 d4+ 41.Rc4 d3 42.Rd2 Rec8 43.Qb3 Rxc6
44.Rxc6 Qxc6 45.Qxd3 Qc1 46.Bf2 e4 47.fxe4 Qa1+ 48.Kb3 Rc3+  0-1

[Event "TCh-CZE Liga 1 Zapad"]
[Site "Czech Rep CZE"]
[Date "2012.01.29"]
[Round "7.2"]
[White "Vedral,O"]
[Black "Kochetkova,J"]
[Result "1/2-1/2"]
[WhiteElo "2296"]
[BlackElo "2260"]

1.d4 d5 2.c4 c6 3.Nf3 Nf6 4.Nc3 a6 5.g3 dxc4 6.Bg2 c5 7.dxc5 Qxd1+ 8.Kxd1 e6
9.Na4 Bd7 10.Nb6 Ra7 11.Ne5 Bxc5 12.Nbxc4 b5 13.Be3 Bxe3 14.Nxe3 Ke7 15.Rc1 Rc8
16.Rxc8 Bxc8 17.Kd2 Bb7 18.Rc1 Bxg2 19.Nxg2 Ne4+ 20.Ke1 Kd8 21.Nd3 Rc7 22.Rxc7 Kxc7
23.f3 Nd6 24.Kd2 Nc6 25.Kc3 a5 26.a3 Kb6 27.e4  1/2-1/2

[Event "TCh-HUN 2011-12"]
[Site "Decs HUN"]
[Date "2012.01.29"]
[Round "5"]
[White "Vince,A"]
[Black "Korpa,B"]
[Result "1/2-1/2"]
[WhiteElo "2132"]
[BlackElo "2237"]

1.d4 d5 2.c4 c6 3.Nc3 Nf6 4.Nf3 a6 5.e3 b5 6.b3 Bg4 7.h3 Bxf3 8.Qxf3 e5 9.dxe5 Bb4
10.Bd2 Bxc3 11.Bxc3 Ne4 12.Bb4 bxc4 13.e6 f6 14.Qg4 Qb6 15.a3 g6 16.bxc4 c5
17.cxd5 f5 18.Qf4 cxb4 19.f3 g5 20.Qe5 Qxe3+ 21.Be2 Qf2+ 22.Kd1 Nc3+ 23.Kd2 Qxe2+
24.Qxe2 Nxe2 25.Kxe2 bxa3 26.Rxa3 Ke7 27.Ra5 Kd6 28.Kd3 Rc8 29.Kd4 Rc2 30.Re1 Ra7
31.g4 fxg4 32.hxg4 Rb7 33.Ke4 Rc3 34.Re2 h6 35.Rh2 Rb4+ 36.Kf5 Rxf3+ 37.Kg6 Rxg4
38.Rxh6 Rh4 39.Kxg5 Rxh6 40.Kxh6 Rg3 41.Kh5 Rg1 42.Kh6 Rb1 43.Kg6 Ke7 44.Kf5 Rh1
45.Kg5 Kd6 46.Kg6 Rf1 47.Kg5 Rb1 48.Kg6 Rb5 49.Kf7 Rb2 50.Kg6 Rf2 51.Kg5 Ke7
52.Rc5 Rb2 53.Rc7+ Kd6 54.e7 Re2 55.Rc8 Rxe7 56.Rxb8 Kxd5 57.Ra8 Re6 58.Kf5 Rd6
59.Ra7 Kd4 60.Kf4 Rf6+ 61.Kg5 Re6 62.Kf4 Re4+ 63.Kf3 Re3+ 64.Kf4 Ra3 65.Rd7+ Kc5
66.Ke4 a5 67.Rc7+ Kb4 68.Kd4 Ra2 69.Rb7+ Ka3 70.Kc3 a4 71.Ra7 Rh2 72.Ra8 Rh4
73.Rb8 Rh3+ 74.Kc2 Rh2+ 75.Kc3 Ka2 76.Rb7 a3 77.Rb6 Rb2 78.Ra6 Rb8 79.Ra7 Rc8+
80.Kd2 Kb2 81.Rb7+ Ka1 82.Ra7 a2 83.Ra6 Rb8 84.Kc2 Rc8+ 85.Kd2  1/2-1/2

[Event "TCh-HUN 2011-12"]
[Site "Decs HUN"]
[Date "2012.01.29"]
[Round "5"]
[White "Toth,E"]
[Black "Seres,L"]
[Result "1/2-1/2"]
[WhiteElo "2472"]
[BlackElo "2461"]

1.d4 d5 2.c4 c6 3.Nf3 Nf6 4.Nc3 a6 5.c5 Nbd7 6.Bf4 Nh5 7.e3 g6 8.Bd3 Bg7
9.h3 Nxf4 10.exf4 b6 11.cxb6 Qxb6 12.O-O Qxb2 13.Na4 Qb8 14.Qc2 Ra7 15.Ne5 Rc7
16.Qc3 c5 17.dxc5 O-O 18.Rfe1 Qa7 19.Rac1 a5 20.Bb5 e6 21.Qe3 Nxe5 22.fxe5 Ba6
23.Rb1 Rd8 24.Qd4 Bf8 25.Rec1 Rdc8 26.Kh2 Kg7 27.Rb3 Rb8 28.Nb6 Bxc5 29.Rxc5 Rxb6
30.Rxc7 Qxc7 31.Rc3 Qb8 32.Bxa6 Rxa6 33.Rb3 Qc7 34.Qf4 Rb6 35.Qf6+ Kg8 36.Rc3 Qd7
37.h4 Rb8 38.a3 Qd8 39.Qf4 Rc8 40.Rf3 Qe7 41.g3 Kg7 42.h5 gxh5  1/2-1/2

[Event "TCh-HUN 2011-12"]
[Site "Paks HUN"]
[Date "2012.01.29"]
[Round "5"]
[White "Ivanisevic,I"]
[Black "Acs,Peter"]
[Result "1-0"]
[WhiteElo "2633"]
[BlackElo "2587"]

1.d4 d5 2.c4 c6 3.Nf3 Nf6 4.Nc3 a6 5.e3 b5 6.c5 Bg4 7.h3 Bxf3 8.gxf3 Nbd7
9.f4 e6 10.Bd2 Be7 11.Bd3 g6 12.Qc2 Nh5 13.O-O-O f5 14.Ne2 Bh4 15.Rh2 Ndf6
16.Ng1 Ne4 17.Be1 g5 18.Qe2 Ng7 19.Rg2 Ra7 20.Nf3 gxf4 21.Ne5 fxe3 22.Bxe4 dxe4
23.Nxc6 Qd5 24.Nxa7 f4 25.Rxg7 exf2 26.Bxf2 f3 27.Qe3 Bf6 28.Rg4 h5 29.Rg6 Rf8
30.Nc8 Qxa2 31.Nd6+ Kd7 32.Rdg1 b4 33.Rxf6 Rxf6 34.Rg7+ Kd8 35.Bh4  1-0

[Event "ch-TUR 2012"]
[Site "Kemer TUR"]
[Date "2012.01.30"]
[Round "3"]
[White "Metin,M"]
[Black "Deniz,Medeni"]
[Result "1-0"]
[WhiteElo "2187"]
[BlackElo "1956"]

1.d4 d5 2.c4 c6 3.Nc3 Nf6 4.Nf3 a6 5.e3 e6 6.b3 Bd6 7.Bd3 Nbd7 8.O-O Nf8
9.Ne5 c5 10.f4 cxd4 11.exd4 dxc4 12.Bxc4 b5 13.Be2 Bb7 14.Bf3 Qb6 15.Bxb7 Qxb7
16.Qe2 Rc8 17.Bb2 Ng6 18.f5 Qb6 19.Kh1 Ne7 20.fxe6 fxe6 21.Ng4 Nxg4 22.Qxg4 Nf5
23.Rxf5 exf5 24.Re1+ Kd8 25.Qg5+ Kd7 26.Qxg7+ Kc6 27.d5+ Kc5 28.Ba3+ b4 29.Na4+  1-0

[Event "Moscow Open Women 2012"]
[Site "Moscow RUS"]
[Date "2012.01.30"]
[Round "3.16"]
[White "Galojan,L"]
[Black "Grigoryeva,O2"]
[Result "1-0"]
[WhiteElo "2366"]
[BlackElo "2146"]

1.d4 d5 2.c4 c6 3.Nf3 Nf6 4.Nc3 a6 5.e3 b5 6.b3 Bg4 7.Qc2 e6 8.Bd3 Nbd7 9.Bb2 bxc4
10.bxc4 Bxf3 11.gxf3 dxc4 12.Bxc4 c5 13.d5 Nb6 14.dxe6 Nxc4 15.Qa4+ Ke7 16.Qxc4 fxe6
17.O-O Kf7 18.Rfd1 Qc7 19.Ne4 Nxe4 20.Qxe4 Bd6 21.Kh1 Rhg8 22.Qxh7 Bxh2 23.Kg2 Bd6
24.Rd2 Rad8 25.Rad1 Qe7 26.Qh5+ g6 27.Qh7+ Kf8 28.Qxe7+ Kxe7 29.Ba3 Bc7 30.Bxc5+ Kf6
31.Rd7 Rxd7 32.Rxd7 Bd8 33.Bd4+ Kg5 34.Rd6 Re8 35.Rxa6 e5 36.Bxe5  1-0

[Event "Gibraltar Open"]
[Site "Caleta ENG"]
[Date "2012.02.01"]
[Round "9.28"]
[White "Ikonnikov,Vy"]
[Black "Houska,Jo"]
[Result "1/2-1/2"]
[WhiteElo "2531"]
[BlackElo "2414"]

1.d4 d5 2.Nf3 Nf6 3.c4 c6 4.Nc3 a6 5.a4 e6 6.g3 Bb4 7.Bg2 Nbd7 8.O-O O-O
9.Qc2 a5 10.Bg5 h6 11.Bxf6 Qxf6 12.e4 dxc4 13.e5 Qe7 14.Qe2 Nb6 15.Nd2 Nd5
16.Qxc4 b6 17.Qxc6 Ba6 18.Nxd5 exd5 19.Rfd1 Be2 20.Re1 Bc4 21.Nxc4 Bxe1 22.Nxb6 Bxf2+
23.Kxf2 Qb4 24.Nxa8 Qxb2+ 25.Ke3 Qxa1 26.Bxd5 Qe1+ 27.Kd3 Qd1+ 28.Ke3 Qg1+
29.Kd3 Qf1+ 30.Kd2 Rb8 31.Nb6 Qf2+ 32.Kd3 Qf1+ 33.Kd2 Qf2+ 34.Kd3 Qf1+ 35.Kd2  1/2-1/2

[Event "Moscow Open 2012 A"]
[Site "Moscow RUS"]
[Date "2012.02.01"]
[Round "5.73"]
[White "Anfinogenov,A"]
[Black "Nikologorskiy,K"]
[Result "0-1"]
[WhiteElo "2109"]
[BlackElo "2353"]

1.d4 d5 2.c4 c6 3.Nf3 Nf6 4.Nc3 a6 5.c5 Nbd7 6.Bf4 Nh5 7.Bd2 Nhf6 8.h3 Qc7
9.g3 e5 10.dxe5 Nxe5 11.Nxe5 Qxe5 12.Na4 Ne4 13.Bf4 Qf6 14.Rc1 g5 15.Be3 Bg7
16.Bg2 Bf5 17.Nc3 Qe5 18.Nxe4 Bxe4 19.Bxe4 Qxe4 20.O-O h6 21.Qd3 Qe6 22.Bd4 Bxd4
23.Qxd4 O-O-O 24.Kg2 Rde8 25.Rfe1 f5 26.Rc3 h5 27.Re3 Qf7 28.f3 Rxe3 29.Qxh8+ Re8
30.Qd4 Qe6 31.Kf2 g4 32.hxg4 hxg4 33.Qf4 gxf3 34.Qxf3 Kb8 35.Rh1 Ka7 36.Rh4 Qe5
37.b3 Qb2 38.a4 Qc2 39.b4 Re4 40.Rxe4 fxe4 41.Qe3 Qxa4 42.Qd2 Qa1 43.Kg2 d4
44.Qf4 d3 45.Qc7 Qf6 46.exd3 exd3 47.Qd7 Qb2+ 48.Kg1 Qc1+ 49.Kh2 d2  0-1

[Event "Moscow Open 2012 A"]
[Site "Moscow RUS"]
[Date "2012.02.01"]
[Round "5.45"]
[White "Glidzhain,G"]
[Black "Mozharov,M"]
[Result "0-1"]
[WhiteElo "2381"]
[BlackElo "2478"]

1.d4 d5 2.c4 c6 3.Nf3 Nf6 4.Nc3 a6 5.c5 Nbd7 6.g3 g6 7.Bg2 Bg7 8.O-O O-O
9.h3 Re8 10.b4 a5 11.b5 Ne4 12.Nxe4 dxe4 13.bxc6 exf3 14.cxd7 Qxd7 15.Bxf3 Qxd4
16.Rb1 Qxc5 17.Bxb7 Bxh3 18.Bxa8 Rxa8 19.Re1 Bd4 20.e3 Bc3 21.Qf3 Qc8 22.Ba3 Bxe1
23.Rxe1 Ra7 24.Rc1 Qe6 25.Qc6 f6 26.Qxe6+ Bxe6 27.Rc2 Bd5 28.Kf1 Bf3 29.Ke1 Kf7
30.Kd2 h5 31.Rc4 Rd7+ 32.Kc3 g5 33.Ra4 Kg6 34.Rxa5 h4 35.gxh4 gxh4 36.Ra4 Kg5
37.Rf4 Bg2 38.f3 f5 39.Rd4 Rc7+ 40.Rc4 Rxc4+ 41.Kxc4 Kf6 42.Bb2+ Ke6  0-1

[Event "ch-TUR 2012"]
[Site "Kemer TUR"]
[Date "2012.02.02"]
[Round "7"]
[White "Ozdover,M"]
[Black "Can,Melih Kaan"]
[Result "1/2-1/2"]
[WhiteElo "1985"]
[BlackElo "1815"]

1.d4 d5 2.c4 c6 3.Nf3 Nf6 4.Nc3 a6 5.c5 Nbd7 6.Bf4 Nh5 7.Bd2 Nhf6 8.h3 Qc7
9.g3 Nh5 10.e4 dxe4 11.Nxe4 Ndf6 12.Nxf6+ Nxf6 13.Bc4 Bf5 14.Qb3 e6 15.Bf4 Qc8
16.O-O-O Be7 17.g4 Be4 18.Rhe1 Bd5 19.Ne5 O-O 20.Bg3 Ne4 21.Qc2 Bxc4 22.Nxc4 Nxg3
23.Nb6 Qc7 24.Nxa8 Rxa8 25.fxg3 Qxg3 26.Qb3 Qc7 27.a3 Rd8 28.Rd3 Bf6 29.Qb6 Qf4+
30.Kb1 Rd7 31.Red1 h6 32.Qb4 Qe4 33.Ka2 Be7 34.Qc3 Bf6 35.Qd2 Bg5 36.Qh2 Be7
37.Qb8+ Kh7 38.Qe5 Qg6 39.Rb3 Bf6 40.Qe3 Qc2 41.Qd3+ Qxd3 42.Rbxd3 Kg6 43.Kb3 Kg5
44.Kc4 h5 45.gxh5 Kxh5 46.b4 g5 47.a4 Bg7 48.b5 axb5+ 49.axb5 Kg6 50.bxc6 bxc6
51.Ra1 f5 52.Ra6 Rc7 53.Re3 Kf6 54.Rea3 f4 55.Ra7 Rc8 56.Ra8 Rxa8 57.Rxa8 Kf5
58.Kd3 f3 59.Ke3 f2 60.Kxf2 Bxd4+ 61.Kf3 e5 62.Rf8+ Ke6 63.Rg8 Kf5 64.Rf8+ Ke6
65.Ke4 Bxc5 66.Rf5 Be3 67.Rxe5+ Kd6 68.Rf5 Bc1 69.Rf1 Bb2 70.Rf2 Bc3 71.Kf5 Be1
72.Rc2 Bh4 73.Ke4 Bg3 74.Kf3 Be5 75.Kg4 Bf6 76.Kf5 Be7 77.Rd2+ Kc7 78.Ke6 Bc5
79.Re2 Ba3 80.Ra2 Bc5 81.Kf5 Be7 82.Re2 Kd7 83.Rd2+ Kc7 84.Ke6 Bc5 85.Rc2  1/2-1/2

[Event "Moscow Open Women 2012"]
[Site "Moscow RUS"]
[Date "2012.02.02"]
[Round "6.33"]
[White "Aseeva,A"]
[Black "Idrisova,R"]
[Result "1-0"]
[WhiteElo "1981"]
[BlackElo "2128"]

1.d4 d5 2.c4 c6 3.Nc3 Nf6 4.Nf3 a6 5.a4 e6 6.e3 c5 7.Be2 Nc6 8.O-O cxd4 9.exd4 dxc4
10.Bxc4 Be7 11.Be3 O-O 12.Qe2 Nb4 13.Rad1 Nbd5 14.Bc1 Nxc3 15.bxc3 Bd7 16.Bb3 Bc6
17.Ne5 Be4 18.f3 Bf5 19.g4 Bg6 20.h4 Nd5 21.Bd2 Bxh4 22.f4 Qd6 23.f5 exf5
24.gxf5 Ne7 25.fxg6 Nxg6 26.Bxf7+ Kh8 27.Bxg6 hxg6 28.Nf7+ Rxf7 29.Rxf7  1-0

[Event "Moscow Open 2012 A"]
[Site "Moscow RUS"]
[Date "2012.02.03"]
[Round "7.41"]
[White "Kovalenko,I"]
[Black "Nikologorskiy,K"]
[Result "1-0"]
[WhiteElo "2587"]
[BlackElo "2353"]

1.d4 d5 2.c4 c6 3.Nf3 Nf6 4.Nc3 a6 5.cxd5 cxd5 6.Bf4 Nc6 7.Rc1 Bf5 8.e3 Qb6
9.Nh4 Bg4 10.Qc2 Rc8 11.h3 Bd7 12.Be2 e6 13.O-O Be7 14.Nf3 O-O 15.Na4 Qa7
16.Nc5 b6 17.Nxd7 Nxd7 18.Qb1 b5 19.Rc3 Bb4 20.Rc2 Nb6 21.Rfc1 Qd7 22.Ne1 Nc4
23.Qa1 a5 24.Nd3 a4 25.Nxb4 Nxb4 26.Rc3 Ra8 27.Qb1 Nd2 28.Qa1 Nc4 29.Bg3 Nc6
30.Qb1 b4 31.Rxc4 dxc4 32.Rxc4 Rac8 33.Bd1 Qa7 34.Qe4 Ne7 35.Bc2 Nf5 36.Rxb4 Qa5
37.a3 g6 38.Bf4 Qa6 39.Bd3 Qa7 40.g4 Ng7 41.Qb7 Qa5 42.Kg2 Rfd8 43.Bc4 Ne8
44.Qe7 Ng7 45.Be5  1-0

[Event "Moscow Open Women 2012"]
[Site "Moscow RUS"]
[Date "2012.02.03"]
[Round "7.6"]
[White "Paikidze,N"]
[Black "Smirnova,Ek"]
[Result "1-0"]
[WhiteElo "2411"]
[BlackElo "2031"]

1.Nf3 Nf6 2.d4 d5 3.c4 c6 4.Nc3 a6 5.e3 b5 6.b3 Bg4 7.Be2 e6 8.O-O Be7 9.Bb2 Nbd7
10.Ne5 Bxe2 11.Nxe2 Nxe5 12.dxe5 Nd7 13.Nd4 Rc8 14.cxd5 cxd5 15.f4 Bc5 16.f5 Bxd4
17.Qxd4 exf5 18.e6 Nf6 19.exf7+ Kxf7 20.Rxf5 Rc6 21.Raf1 Re8 22.Rxd5 Qb6
23.Rd7+ Kg8 24.Qxb6 Rxb6 25.Ra7 Rbe6 26.Bd4 Rc8 27.a4 bxa4 28.bxa4 Rc4 29.a5 Ra4
30.Bxf6 gxf6 31.Rc1 Re8 32.Rc5 Ra2 33.h4 Kh8 34.Rh5 Rxe3 35.Rhxh7+ Kg8 36.Rhc7 Re8
37.Rxa6 f5 38.Raa7 f4 39.Rg7+ Kh8 40.Rgf7 f3 41.Rxf3 Rg8 42.Rf2 Ra4 43.a6 Rxh4
44.Raf7 Ra4 45.a7 Rag4 46.Rf8 Rxg2+ 47.Rxg2 Rxf8 48.Rb2  1-0

[Event "Moscow Open Women 2012"]
[Site "Moscow RUS"]
[Date "2012.02.03"]
[Round "7.21"]
[White "Gvanceladze,An"]
[Black "Rodionova,Daria"]
[Result "1-0"]
[WhiteElo "2172"]
[BlackElo "1970"]

1.d4 d5 2.Nf3 Nf6 3.c4 c6 4.Nc3 a6 5.c5 Nbd7 6.h3 g6 7.Bf4 Bg7 8.e3 O-O 9.Bd3 b6
10.cxb6 Qxb6 11.O-O Bb7 12.Na4 Qa7 13.b4 Rfe8 14.Ne5 a5 15.b5 Nxe5 16.Bxe5 Nd7
17.Bxg7 Kxg7 18.Rb1 Rac8 19.b6 Qb8 20.Nc5 Nxc5 21.dxc5 Rcd8 22.Qa4 Qe5 23.Qxa5 Ra8
24.Qd2 d4 25.exd4 Qxd4 26.Qc2 Ra3 27.Be2 Rea8 28.Ra1 Rc3 29.Qb2 e5 30.Rad1 Qxc5
31.Rd7 Rb8 32.Rb1 Bc8 33.Ra7 Be6 34.Qb4 Qxb4 35.Rxb4 Rc2 36.Bf3 Rc1+ 37.Kh2 c5
38.Rb5 c4 39.b7 c3 40.Ra8 c2 41.Rc5 Rxb7 42.Bxb7 Bf5 43.g4 Bd3 44.Rac8 e4
45.Bd5 Rf1 46.Kg2 f5 47.g5  1-0